00716nam a2200205 a 450000100100000000500170001000800410002702000180006804000250008610000270011124501050013825000110024326000460025430000230030050000420032350000620036550000340042750400320046199900170049300003770620240305092413.0121115s2012 dr a 000 0 spa d a9789945854480 aDO-SdBNPbspacBNPHU1 aRosario, Bergson9118210aOrtografía comentada de la lengua española :bun recurso para la redacción /cBergson Rosario. a4a ed. aSanto Domingo :bEditorial Ciliya,c2012. av. :bil ;c26 cm. aIncluye notas al pie de las páginas aIncluye datos biográficos del autor en la contraportada aLa biblioteca posee el tomo I aBibliografía : p. 163-164 c37196d37196